Chrípka zaútočila plnou silou začína strašiť aj prasacia chrípka

Bibliographic Details
Format: Article
Language:Slovak
PhysicalDescription:Fotogr.
ISSN:1338-0346
Subjects:

MARC

LEADER 00000nab a2200000 a 4500
001 vtls010494724
003 SK-MaSNL
005 20260305033711.0
008 130304c2013 xo wr 0 0slo
038 |a SLLK 
040 |a SLLK  |b slo  |c sllk  |e AACR2 
041 |a slo 
044 |a xo  |c SK 
080 |a 616.921.5  |2 2001 
245 0 0 |a Chrípka zaútočila plnou silou  |b začína strašiť aj prasacia chrípka  |c Text a foto (eh) 
300 |b Fotogr. 
610 2 7 |a Regionálny úrad verejného zdravotníctva (Stará Ľubovňa, Slovensko)  |2 SLLK  |9 75644 
648 7 |a 2013  |2 snkbucl  |9 324251 
650 0 7 |a chrípka  |x epidemiologická situácia  |2 SLLK  |9 1613766 
651 7 |a Stará Ľubovňa (Slovensko : okres)  |2 SLLK  |9 19196 
773 0 |t Ľubovnianske noviny  |g Roč. XXXVIII, č. 2 (2013), s. 1  |x 1338-0346 
852 |a SLLK  |b KIS3GCP 
999 |c 3325396  |d 3327326